Demand and supply potentials for South VietNam's fishery industry
Sparad:
| Huvudupphovsman: | |
|---|---|
| Materialtyp: | Bok |
| Språk: | Undetermined |
| Publicerad: |
Washington D.C
U.S. Department of Agri-Economic Research Service
1974
|
| Ämnen: | |
| Taggar: |
Lägg till en tagg
Inga taggar, Lägg till första taggen!
|
| Thư viện lưu trữ: | Trung tâm Học liệu Trường Đại học Cần Thơ |
|---|
| LEADER | 00584nam a2200181Ia 4500 | ||
|---|---|---|---|
| 001 | CTU_21505 | ||
| 008 | 210402s9999 xx 000 0 und d | ||
| 082 | |a 338.372 | ||
| 082 | |b S814 | ||
| 100 | |a Howard L Steele | ||
| 245 | 0 | |a Demand and supply potentials for South VietNam's fishery industry | |
| 245 | 0 | |c Howard L Steele | |
| 260 | |a Washington D.C | ||
| 260 | |b U.S. Department of Agri-Economic Research Service | ||
| 260 | |c 1974 | ||
| 650 | |a fisheries - south vietnam - economics aspects | ||
| 904 | |i Minh, 980110 | ||
| 980 | |a Trung tâm Học liệu Trường Đại học Cần Thơ | ||